<?xml version="1.0" encoding="UTF-8"?>
<collection xmlns="http://www.loc.gov/MARC21/slim">
 <record>
  <leader>00689nam a22002175  4500</leader>
  <controlfield tag="001">1/16259</controlfield>
  <controlfield tag="008">991008s1977    enk                 eng d</controlfield>
  <datafield tag="035" ind1=" " ind2=" ">
   <subfield code="l">16767</subfield>
  </datafield>
  <datafield tag="040" ind1=" " ind2=" ">
   <subfield code="a">DLC</subfield>
   <subfield code="b">GR-PeUP</subfield>
  </datafield>
  <datafield tag="082" ind1="0" ind2="0">
   <subfield code="a">335.9 AF</subfield>
  </datafield>
  <datafield tag="100" ind1="1" ind2=" ">
   <subfield code="a">Aflak, Michel.</subfield>
  </datafield>
  <datafield tag="245" ind1="1" ind2="0">
   <subfield code="a">Choice of texts from the Ba'th Party founder's thougth /</subfield>
   <subfield code="c">Michel Aflak</subfield>
  </datafield>
  <datafield tag="260" ind1=" " ind2=" ">
   <subfield code="a">Italy :</subfield>
   <subfield code="b">Cooperative Lavoratori Officine Grafiche Firenze ,</subfield>
   <subfield code="c">1977</subfield>
  </datafield>
  <datafield tag="300" ind1=" " ind2=" ">
   <subfield code="a">189 p. ;</subfield>
   <subfield code="c">18 cm.</subfield>
  </datafield>
  <datafield tag="650" ind1=" " ind2="4">
   <subfield code="a">Socialism.</subfield>
  </datafield>
  <datafield tag="650" ind1=" " ind2="4">
   <subfield code="a">Revolutions.</subfield>
  </datafield>
  <datafield tag="650" ind1=" " ind2="4">
   <subfield code="a">Socialist.</subfield>
  </datafield>
  <datafield tag="650" ind1=" " ind2="4">
   <subfield code="a">Freedom.</subfield>
  </datafield>
  <datafield tag="710" ind1="2" ind2="0">
   <subfield code="a">Unity Freedom Socialism.</subfield>
  </datafield>
  <datafield tag="710" ind1="2" ind2="0">
   <subfield code="a">Arab Ba'th Socialist Party.</subfield>
  </datafield>
  <datafield tag="852" ind1=" " ind2=" ">
   <subfield code="a">INST</subfield>
   <subfield code="b">UNIPILB</subfield>
   <subfield code="c">MAIN</subfield>
   <subfield code="e">20040709</subfield>
   <subfield code="h">335.9 AF</subfield>
   <subfield code="p">00110511</subfield>
   <subfield code="q">00110511</subfield>
   <subfield code="t">LOAN</subfield>
   <subfield code="y">0</subfield>
   <subfield code="4">1</subfield>
  </datafield>
 </record>
</collection>
